000 00477nam a2200181Ia 4500
001 13524
005 20260306164807.0
008 260306t2015||||xx |||||||||||||| ||spa||
041 _aESP
082 _a004.6
_bH43
100 _aHernández, José Alberto
_eAUT
245 0 _aProbabilistic models for computer networks:
_btools and solved problems
260 _c2015
300 _axi, 177 páginas :
_c21 cm.
650 _aGEN
654 _aCCC
942 _cLIB
_dJUS
_fJUS
_2ddc
_n
999 _c13524
_d13524